| 000 | 01196 am a2200325ua 4500 | ||
|---|---|---|---|
| 999 |
_c28278 _d28249 |
||
| 001 | 007373075 | ||
| 003 | EG-ScBUE | ||
| 005 | 20200308124125.0 | ||
| 008 | 840521r19851983enk f 001 0 eng d | ||
| 020 | _a0434906875 | ||
| 020 | _a9780434906871 | ||
| 040 |
_aUk _beng _erda _cUk _dEG-ScBUE |
||
| 043 | _ae-uk--- | ||
| 082 | 0 | 4 |
_a658.0220941 _bHAR _222 |
| 100 | 1 |
_aHargreaves, Richard B., _eauthor. _932096 |
|
| 245 | 1 | 0 |
_aStarting a business : _ba practical handbook with examples planning, forecasting, raising finance, tax and legal matters, controlling the business / _cRichard B. Hargreaves, BA (cantab), MSc, PhD, ACIS. |
| 250 | _aReprinted edition. | ||
| 264 | 1 |
_aLondon : _bHeinemann in association with Newmarket Venture Capital Ltd., _c1985. |
|
| 300 |
_axii,191 pages ; _c26 cm |
||
| 336 |
_atext _2rdacontent _btxt |
||
| 337 |
_aunmediated _2rdamedia _bn |
||
| 338 |
_avolume _2rdacarrier _bnc |
||
| 500 | _aIncludes index. | ||
| 500 | _aIncludes appendices. | ||
| 650 | 7 |
_aSmall business _zGreat Britain _xManagement. _2BUEsh |
|
| 653 |
_aGreat Britain _aCompanies _aOrganisation _bBUSADM _cMarch2020 |
||
| 655 |
_vReading book _934232 |
||
| 942 |
_2ddc _cBB |
||